000 00721nam a2200289Ia 4500
001 Z_3100
003 CHAP
008 220113s1974 xx 000 0 und d
010 _a166199
040 _cCHAP
082 _a633.2 J3y
100 _aJames, B. J. F.
_961007
245 _aUtilización intensiva de pasturas /
_cpor B. J. F. James
260 _aBuenos Aires :
_bHemisferio Sur,
_c1974
300 _a198 p. ; ilus.
440 _a
500 _aTrad. De : Intensive utilization of pastures
503 _a
650 _aPastizales
_xManejo I. t.
_9137425
650 _aPastos forrajeros
_986094
901 _a633.2 J3y
902 _aA
910 _a1974
942 _c1
942 _cc1
999 _c166199
_d166199